000 00499nam a2200181Ia 4500
008 100917s9999 xx 000 0 und d
082 _b23555
100 _aपाठक गंगाधर रामचंद्र
245 _aचंद्रसेना
260 _b---
_c1974
300 _a168
365 _b12
520 _aकादंबरी
630 _aचंद्रसेना
650 _aकादंबरी
730 _aचंद्रसेना
942 _cBOOK
999 _c628949
_d628946